<?xml version="1.0" encoding="UTF-8"?>
<record
    xmlns:xsi="http://www.w3.org/2001/XMLSchema-instance"
    xsi:schemaLocation="http://www.loc.gov/MARC21/slim http://www.loc.gov/standards/marcxml/schema/MARC21slim.xsd"
    xmlns="http://www.loc.gov/MARC21/slim">

  <leader>03511nam a2200349 i 4500</leader>
  <controlfield tag="003">CSPC</controlfield>
  <controlfield tag="005">20260129101645.0</controlfield>
  <controlfield tag="008">250909s2020    nyua          000 0 eng d</controlfield>
  <datafield tag="020" ind1=" " ind2=" ">
    <subfield code="a">9780960103126</subfield>
  </datafield>
  <datafield tag="040" ind1=" " ind2=" ">
    <subfield code="a">CSPC</subfield>
    <subfield code="b">eng</subfield>
    <subfield code="c">CSPC</subfield>
    <subfield code="e">rda</subfield>
  </datafield>
  <datafield tag="050" ind1="0" ind2="4">
    <subfield code="a">BX9750.S48</subfield>
    <subfield code="b">.M666 2020</subfield>
  </datafield>
  <datafield tag="082" ind1="0" ind2="4">
    <subfield code="a">289.96</subfield>
    <subfield code="b">M778m </subfield>
  </datafield>
  <datafield tag="100" ind1="1" ind2=" ">
    <subfield code="a">Moon, Hak Ja Han.</subfield>
    <subfield code="e">author.</subfield>
  </datafield>
  <datafield tag="245" ind1="1" ind2="0">
    <subfield code="a">Mother of peace : </subfield>
    <subfield code="b">and God shall wipe away all tears from their eyes / </subfield>
    <subfield code="c">Hak Ja Han Moon. </subfield>
  </datafield>
  <datafield tag="264" ind1=" " ind2="1">
    <subfield code="a">Washington, DC : </subfield>
    <subfield code="b">The Washington Times Global Media Group, </subfield>
    <subfield code="c">2020. </subfield>
  </datafield>
  <datafield tag="300" ind1=" " ind2=" ">
    <subfield code="a">347 pages : </subfield>
    <subfield code="b">illustrations ; </subfield>
    <subfield code="c">23 cm. </subfield>
  </datafield>
  <datafield tag="336" ind1=" " ind2=" ">
    <subfield code="2">rdacontent</subfield>
    <subfield code="a">text</subfield>
  </datafield>
  <datafield tag="337" ind1=" " ind2=" ">
    <subfield code="2">rdamedia</subfield>
    <subfield code="a">unmediated</subfield>
  </datafield>
  <datafield tag="338" ind1=" " ind2=" ">
    <subfield code="2">rdacarrier</subfield>
    <subfield code="a">volume</subfield>
  </datafield>
  <datafield tag="505" ind1="0" ind2=" ">
    <subfield code="a">My cherished lifelong wish -- I came into this world as the only begotten daughter -- The marriage supper of the lamb -- God's light shines upon a path of thorns -- The emblem of the kingdom of heaven -- Creating the road to one world -- Today's growing pains bring tomorrow's sunshine -- The mother builds the family, the family builds the world -- God's Kingdom in our midst -- The challenge of realizing a heavenly world -- The restoration of Canaan in heaven and on earth. </subfield>
  </datafield>
  <datafield tag="520" ind1=" " ind2=" ">
    <subfield code="a">"Discover the untold story of Hak Ja Han Moon, the North Korean village girl who is now known to millions as the Mother of Peace. Her heart-wrenching story reveals details of a war-torn childhood and trials of faith as she and her late husband, Rev. Sun Myung Moon, built a vast and still-growing international movement capable of fulfilling God's will for peace in the 21st century. A major milestone of her life, described in never-told-before detail, was her marriage in 1960, at age 17, to the charismatic Rev. Dr. Sun Myung Moon. For the next 52 years, she joined him in the daunting task of building a global interfaith movement to fulfill God's will for peace in the 21st century. Mother Moon's journey as a religious woman leader is breathtaking: Born in Japanese-occupied Korea in 1943, she spent her early life in nature so she could commune with God. War forced her to flee south with her mother and grandmother; they crossed the Han River Bridge minutes before it was destroyed. Later, she walked and worked side-by-side with Father Moon, one of history's most energetic and visionary men. They visited every corner of the earth and, despite relentless persecution, met with world leaders, including Mikhail Gorbachev and Kim Il Sung, to bring God's message for them. During this time, she bore 14 children and buried four. She stood with Father Moon for hours as they officiated at Marriage Blessing Ceremonies for hundreds of thousands of couples. Together, they launched hundreds of organizations and businesses to serve youth, family and peacemaking. Since Father Moon's passing in 2012, Mother Moon has shouldered the leadership of their still-growing movement. She has led "Peace Starts With Me" rallies in six continents and plans to bring Blessing Ceremonies to all people"--Provided by publisher.</subfield>
  </datafield>
  <datafield tag="600" ind1="1" ind2=" ">
    <subfield code="a">Moon, Hak Ja Han</subfield>
    <subfield code="x">Memoirs.</subfield>
  </datafield>
  <datafield tag="650" ind1=" " ind2="0">
    <subfield code="a">Unification Church</subfield>
    <subfield code="x">Sermons.</subfield>
  </datafield>
  <datafield tag="650" ind1=" " ind2="0">
    <subfield code="a">Unification Church</subfield>
    <subfield code="x">Doctrines.</subfield>
  </datafield>
  <datafield tag="650" ind1=" " ind2="0">
    <subfield code="a">Peace</subfield>
    <subfield code="x">Religious aspects.</subfield>
  </datafield>
  <datafield tag="650" ind1=" " ind2="0">
    <subfield code="a">Religions</subfield>
    <subfield code="x">Relations.</subfield>
  </datafield>
  <datafield tag="650" ind1=" " ind2="0">
    <subfield code="a">International organization.</subfield>
  </datafield>
  <datafield tag="655" ind1=" " ind2="0">
    <subfield code="a">Autobiographies.</subfield>
  </datafield>
  <datafield tag="655" ind1=" " ind2="0">
    <subfield code="a">Personal narratives.</subfield>
  </datafield>
  <datafield tag="942" ind1=" " ind2=" ">
    <subfield code="2">ddc</subfield>
    <subfield code="n">0</subfield>
    <subfield code="c">BK</subfield>
    <subfield code="h">289.96</subfield>
    <subfield code="i">M778m </subfield>
    <subfield code="k">CIR </subfield>
    <subfield code="m">2020</subfield>
  </datafield>
  <datafield tag="952" ind1=" " ind2=" ">
    <subfield code="0">0</subfield>
    <subfield code="1">0</subfield>
    <subfield code="2">ddc</subfield>
    <subfield code="4">0</subfield>
    <subfield code="7">0</subfield>
    <subfield code="a">BUHI</subfield>
    <subfield code="b">BUHI</subfield>
    <subfield code="c">CIR</subfield>
    <subfield code="d">2025-09-09</subfield>
    <subfield code="l">0</subfield>
    <subfield code="o">CIR 920 M778m 2020</subfield>
    <subfield code="p">001663-BUH</subfield>
    <subfield code="r">2025-09-09 00:00:00</subfield>
    <subfield code="t">1-1</subfield>
    <subfield code="w">2025-09-09</subfield>
    <subfield code="y">BK</subfield>
  </datafield>
  <datafield tag="952" ind1=" " ind2=" ">
    <subfield code="0">0</subfield>
    <subfield code="1">0</subfield>
    <subfield code="2">ddc</subfield>
    <subfield code="4">0</subfield>
    <subfield code="7">0</subfield>
    <subfield code="a">CSPC</subfield>
    <subfield code="b">CSPC</subfield>
    <subfield code="c">CIR</subfield>
    <subfield code="d">2026-01-29</subfield>
    <subfield code="l">0</subfield>
    <subfield code="o">CIR 289.96 M778m 2020</subfield>
    <subfield code="p">031136</subfield>
    <subfield code="r">2026-01-29 00:00:00</subfield>
    <subfield code="t">1-1</subfield>
    <subfield code="w">2026-01-29</subfield>
    <subfield code="y">BK</subfield>
  </datafield>
  <datafield tag="999" ind1=" " ind2=" ">
    <subfield code="c">30449</subfield>
    <subfield code="d">30449</subfield>
  </datafield>
</record>
